Original Commonwealth Members - Statistics

General Stats
  • This quiz has been taken 23 times
  • The average score is 6 of 6
Answer Stats
Year Joined Answer % Correct
1926 Canada
100%
1926 Australia
95%
1926 New Zealand
95%
1926 South Africa
95%
1926 United Kingdom
95%
1926 Ireland
91%
No matching quizzes found
Score Distribution
Percent of People with Each Score
Percentile by Number Answered
Your Score History
You have not taken this quiz